| 000 | 01877cam a22003738i 4500 | ||
|---|---|---|---|
| 999 |
_c129694 _d129694 |
||
| 001 | 20693299 | ||
| 003 | ARRUPE | ||
| 005 | 20190814113710.0 | ||
| 008 | 181002s2019 enk b 001 0 eng | ||
| 010 | _a 2018042770 | ||
| 020 | _a9781107159587 | ||
| 040 |
_aDLC _beng _erda _cDLC |
||
| 042 | _apcc | ||
| 050 | 0 | 0 |
_aJC359 _b.G465 2019 |
| 082 | 0 | 0 |
_a325/.32 _223 |
| 100 | 1 |
_aGildea, Robert, _eauthor. _947787 |
|
| 245 | 1 | 0 |
_aEmpires of the mind : _bthe colonial past and the politics of the present / _cRobert Gildea, University of Oxford. |
| 260 |
_aCambridge _bCambridge University Press _c2019 |
||
| 263 | _a1901 | ||
| 300 |
_aviii, 358p. ; _c23cm. |
||
| 504 | _aIncludes bibliographical references and index. | ||
| 505 | 0 | _aEmpires constructed and contested -- Empires in crisis : two world wars -- The imperialism of decolonisation -- Neo-colonialism, new global empire -- Colonising in reverse and colonialist backlash -- Europe : in or out? -- Islamism and the retreat to monocultural nationalism -- Hubris and nemesis : Iraq, the colonial fracture and global economic crisis -- The empire strikes back -- Fantasy, anguish and working through. | |
| 650 | 0 |
_aImperialism _xHistory. _99126 |
|
| 650 | 0 |
_aImperialism _xSocial aspects. _947788 |
|
| 650 | 0 |
_aPostcolonialism _xHistory. _947789 |
|
| 650 | 0 |
_aPostcolonialism _xSocial aspects. _947790 |
|
| 650 | 0 |
_aInternational organization. _97905 |
|
| 650 | 0 |
_aWorld politics _y21st century. _947791 |
|
| 906 |
_a7 _bcbc _corignew _d1 _eecip _f20 _gy-gencatlg |
||
| 942 |
_2lcc _cMONOGRAPH |
||